Aplikovaná environmentálna chémia Leonardo Da Vinci programme Projekt č. SK/99/1/084125/PI/I.1.1.a/FPI - Tvorba vzdelávacích modulov pre špecializáciu Ekochémia

Bibliographic Details
Main Author: Medveď, Miroslav, 1971- (Author)
Format: Book
Language:Slovak
English
PhysicalDescription:153 strán fotografie, grafy, mapy, tabuľky 25 cm
Published: Banská Bystrica Univerzita Mateja Bela 2001
ISBN:8088784336
Edition:1. vyd.
Subjects:

MARC

LEADER 00000cam a2200000 a 4500
001 vtls001471403
003 SK-MaSNL
005 20260302040445.0
008 240226s2001 xo odb frn 000 0 slo
015 |a SNBA2004/04-01597 
020 |a 8088784336  |q (brožované) 
035 |a SNK000426706 
035 |a urn:nbn:sk:snk-am3j2dd 
035 |a CF19CF68-F6E9-4432-9296-3E9765FCB210 
035 |a urn:nbn:sk:snk-am00gfq7 
040 |a SNK  |b slo  |c SNK  |e AACR2 
041 1 |a slo  |h eng 
043 |a e-xo--- 
044 |a xo  |c SK 
072 7 |a 502  |x Životné prostredie a jeho ochrana  |2 konspekt 
072 7 |a 54  |x Chémia. Mineralogické vedy  |2 konspekt 
080 |a 504.06:54  |2 1997 
080 |a 54:504.06  |2 1997 
080 |a 54-027.22  |2 2001 
080 |a 502:54  |2 2011 
080 |a (048.8)  |2 2011 
080 |a (083.94)  |2 2011 
100 1 |a Medveď, Miroslav,  |d 1971-  |4 aut  |9 220718 
240 1 0 |a Applied envrironmental chemistry  |l Slovensky 
245 1 0 |a Aplikovaná environmentálna chémia  |b Leonardo Da Vinci programme Projekt č. SK/99/1/084125/PI/I.1.1.a/FPI - Tvorba vzdelávacích modulov pre špecializáciu Ekochémia  |c Miroslav Medveď a kolektív 
250 |a 1. vyd. 
260 |a Banská Bystrica  |b Univerzita Mateja Bela  |c 2001 
300 |a 153 strán  |b fotografie, grafy, mapy, tabuľky  |c 25 cm 
500 |a Vydala Pedagogická spoločnosť Jána Amosa Komenského, Banská Bystrica 
500 |a Obsahuje zoznam autorov 
504 |a Obsahuje bibliografické odkazy 
610 2 7 |a Leonardo da Vinci (vzdelávací program)  |2 SNKKA  |9 30211 
650 0 7 |a aplikovaná chémia  |2 SNKPH  |9 68393 
650 0 7 |a environmentálna chémia  |2 SNKPH  |9 67581 
655 7 |a štúdie  |2 SNKPH  |9 57033 
655 7 |a projekty  |2 SNKPH  |9 70560 
710 2 |a Pedagogická spoločnosť Jána Amosa Komenského Banská Bystrica  |4 pbl  |9 66533 
919 |a 80-88784-33-6 
958 |a TL 
958 |a NB 
958 |a OP 
958 |a OND 
999 |c 1074709  |d 1076639 
952 |t P60, <03>, [BOOK], {603}  |a SNK  |b SNK  |y PREZ  |7 0  |p 17A0422630  |o snkSC 115219  |i snkKSP 4168/2004  |0 0  |1 0  |4 0  |d 2004-03-19  |f 1  |l 0  |r 2025-10-03 00:00:00  |w 2026-02-24 
952 |t P60, <04>, [BOOK], {604}  |a SNK  |b SNK  |y VYP  |7 0  |p 17A0422629  |o snkSC 115219 D1  |i snkKSP 4169/2004  |0 0  |1 0  |4 0  |d 2004-03-19  |l 0  |r 2005-01-02 00:00:00  |w 2026-02-24